000 00603nam a22001937a 4500
005 20251108172427.0
008 250721s9999 xx 000 0 ara d
082 1 4 _a811.9/لعب
100 1 _aلعبي، عبداللطيف
245 1 0 _aشجون الدار البيضاء: شعر /
264 1 _aالدار البيضاء :
_bدار توبقال للنشر،
300 _a93ص
490 0 _aسلسلة نصوص أدبية
650 1 7 _aالشعر العربي
650 1 7 _aالأدب العربي
700 1 _aأرناؤوط، عائشه
_eمترجم
942 _2ddc
_cBK
999 _c79032
_d79032